| 000 | 00915nam a2200325 a 4500 | ||
|---|---|---|---|
| 001 | 000113804 | ||
| 003 | CHAP | ||
| 005 | 20220329144414.0 | ||
| 008 | 170926s2010 mx |r| ||||f|spa d | ||
| 010 | _a110265 | ||
| 011 | _a111237 | ||
| 020 | _a9786073103008 | ||
| 040 | _cCHAP | ||
| 082 | 0 | 4 |
_a853.91 _bE19 2010 |
| 100 | 0 | 0 |
_aEco, Umberto. _935122 |
| 245 | 1 | 3 |
_aEl nombre de la rosa / _cpor Umberto Eco. |
| 250 | _a2 ed. | ||
| 260 |
_aMéxico, D.F. : _bPenguin Random House, _c2010. |
||
| 300 | _a505 p. | ||
| 490 | _aContemporánea. Debolsillo | ||
| 534 |
_pTít. original : _tIl nome della rosa |
||
| 590 |
_aE11695DGD _b10 _c20170926 _lUCH01 _h1854 |
||
| 590 |
_aE5765TAJ _b05 _c20170926 _lUCH01 _h1139 |
||
| 650 | 1 | 4 |
_aLiteratura italiana. _9133472 |
| 650 | 1 | 4 |
_aNovela italina _ySiglo XX. _9133471 |
| 830 | 0 |
_aContemporánea. Debolsillo _9133470 |
|
| 901 | _aBK | ||
| 942 | _cLIBRO | ||
| 942 | _n0 | ||
| 999 |
_c110265 _d110265 |
||